| 000 -CABECERA |
| fixed length control field |
01372nam a22003017i 4500 |
| 003 - IDENTIFICADOR DEL NÚMERO DE CONTROL |
| control field |
AR-CdUCM |
| 008 - DATOS DE LONGITUD FIJA--INFORMACIÓN GENERAL |
| fixed length control field |
231025b20202020pe ad||| |||| 001 0 spa d |
| 040 ## - FUENTE DE LA CATALOGACIÓN |
| Agencia/entidad que catalogó originalmente la obra |
MUNICIPALIDAD PROVINCIAL DEL CUSCO |
| Entidad que transcribió la catalogación |
BIBLIOTECA MUNICIPAL DEL CUSCO |
| 082 ## - NÚMERO DE LA CLASIFICACIÓN DECIMAL DEWEY |
| No. de Clasificación |
631.47 / Q77 |
| Notacion interna |
Q77 |
| 100 ## - ENTRADA PRINCIPAL--NOMBRE DE PERSONA |
| Nombre Personal |
Quispe Flores, Policarpo |
| 245 ## - MENCIÓN DE TÍTULO |
| Título |
Suelos Tropicales del Sur Oriente de Perú : |
| Resto del título |
Miscelánea en relación con la producción agrícola y sesgo intercultural Andino Amazónico / |
| 260 ## - PUBLICACIÓN, DISTRIBUCIÓN, ETC. |
| Lugar de publicación, distribución, etc. |
La Convención-Cusco : |
| Nombre de la editorial, distribuidor, etc. |
Universidad Nacional Intercultural de Quillabamba, |
| Fecha de publicación, distribución, etc. |
2020. |
| 300 ## - DESCRIPCIÓN FÍSICA |
| Nº de Páginas Extensión |
99 páginas. : |
| Dimensiones |
29 cm. |
| 500 ## - NOTA GENERAL |
| Bibliografía |
Nota bibliográfica páginas 95-99 |
| 505 ## - NOTA DE CONTENIDO CON FORMATO |
| Nota de contenido formateada |
Descripción litológica -- Grupo paleozoico, Arcaico, mesozoico -- Agua disponible -- Agua aprovechable -- Sombra no controlada -- Uso de micronutrientes en la fertilización -- Potencial de hidrogeniones -- Suelos tropicales en la selva alta y baja |
| 650 ## - PUNTO DE ACCESO ADICIONAL DE MATERIA--TÉRMINO DE MATERIA |
| Descriptor |
Litología |
| 9 (RLIN) |
49077 |
| 650 ## - PUNTO DE ACCESO ADICIONAL DE MATERIA--TÉRMINO DE MATERIA |
| Descriptor |
Manejo de suelos |
| 9 (RLIN) |
49078 |
| 650 ## - PUNTO DE ACCESO ADICIONAL DE MATERIA--TÉRMINO DE MATERIA |
| Descriptor |
Uso de abonos |
| 9 (RLIN) |
49079 |
| 650 ## - PUNTO DE ACCESO ADICIONAL DE MATERIA--TÉRMINO DE MATERIA |
| Descriptor |
Micronutrientes de suelos |
| 9 (RLIN) |
49080 |
| 650 ## - PUNTO DE ACCESO ADICIONAL DE MATERIA--TÉRMINO DE MATERIA |
| Descriptor |
Lámina neta de riego |
| 9 (RLIN) |
49081 |
| 650 ## - PUNTO DE ACCESO ADICIONAL DE MATERIA--TÉRMINO DE MATERIA |
| Descriptor |
Aguas aprovechables y no aprovechables |
| 9 (RLIN) |
49082 |
| 650 ## - PUNTO DE ACCESO ADICIONAL DE MATERIA--TÉRMINO DE MATERIA |
| Descriptor |
Taxonomía |
| 9 (RLIN) |
18622 |
| 650 ## - PUNTO DE ACCESO ADICIONAL DE MATERIA--TÉRMINO DE MATERIA |
| Descriptor |
Precerámico |
| 9 (RLIN) |
23312 |
| 856 ## - LOCALIZACIÓN Y ACCESO ELECTRÓNICOS |
| Dirección electrónica |
http://www.uniq.edu.pe |
| 942 ## - ELEMENTOS DE PUNTO DE ACCESO ADICIONAL (KOHA) |
| Fuente de clasificación |
|
| Tipo de item |
Libros-BMC |
| 945 ## - PROCESAMIENTO DE INFORMACIÓN LOCAL (OCLC) |
| Catalogador |
pebm |
| AAAA-MM-DD - Fecha de ingreso o modificacion |
2023-10-25 |